| 000 | 00376nam a22001457a 4500 | ||
|---|---|---|---|
| 020 | _a9780470458365 | ||
| 040 | _cNust | ||
| 082 |
_a510.2462 _bKRE |
||
| 100 |
_aErwin Kreyszig _913321 |
||
| 245 | _aAdvanced Engineering Mathematics | ||
| 250 | _a10th edition | ||
| 260 |
_aNew York: _bWiley, _c2015. |
||
| 650 |
_aAdvanced Engineering Mathematics _962117 |
||
| 942 |
_2ddc _cBK |
||
| 999 |
_c613525 _d613525 |
||